Statistics for Tudor History Revision - 7

Click here to take the quiz!

General Stats

  • This quiz has been taken 7 times
  • The average score is 9 of 15

Answer Stats

QuestionAnswer% Correct
How many men did Henry want in a balanced Regency Council for Edward until he reached the age of 18?16
100%
Who became the Lord Protector upon the death of Henry VIII, after the reformist faction manipulated Henry's will?Edward Seymour
100%
What city did Edward Seymour (later Duke of Somerset) capture as a part of the 'rough wooing' in May 1544?Edinburgh
86%
What battle saw a decisive English victory which saw James V die (allegedly) from grief, the capture of many Scottish nobles, and the opportunity to conquer Scotland?Battle of Solway Moss
71%
What city did Henry capture on 14 September 1544, which was more than anything Francis or Charles had accomplished?Boulogne
71%
Who did Henry support, despite initially agreeing with the Conservative faction that he should be sent to the tower?Thomas Cranmer
71%
Who did Henry put in charge of the investigation of Catherine Parr, only to alert her to the danger and side with her, which led to him being 'dressed down' by the King?Thomas Wriothesley
71%
What treaty was agreed on the 1 July 1543 and arranged the marriage between Edward and Mary?Treaty of Greenwich
71%
What Act that occured in 1543/44 restored Mary and Elizabeth, but after Edward who was made heir to the throne?Third Act of Succession
57%
Who had control of the dry stamp upon Henry's death, and was able to use it to change Henry's will?Anthony Denny
43%
Who was executed in late 1546 after refusing a request to hand over certain ecclesiastical lands to enable Henry to define more explicitly the boundaries of his royal estates?Stephen Gardiner
43%
What treaty was signed to end the Third French War, which made Henry agree to see Boulogne back to France after 8 years and re-instated Henry's French pension?Treaty of Ardres
43%
Who was Henry's Private Secretary and controlled what written information reached the King?William Paget
29%
How much did Henry's wars with France and Scotland cost?£3 million
14%
When did Henry marry Catherine Parr?12 July 1543
0%

Score Distribution

Percentile by Number Answered

Percent of People with Each Score

Your Score History

You have not taken this quiz